| Tag |
First Indicator |
Second Indicator |
Subfields |
| LEADER |
00000cam a2200000La 4500 |
| 001 |
in00001753690 |
| 005 |
20220105121051.0 |
| 006 |
m u |
| 007 |
cr cn- |
| 008 |
000816s1995 txua jsb 001 0ceng d |
| 010 |
|
|
|z 94021991
|
| 020 |
|
|
|a 0585256705 (electronic bk.) :
|c $13.95
|
| 020 |
|
|
|z 0890159963
|
| 035 |
|
|
|a (OCoLC)ocm44960038
|
| 040 |
|
|
|a N$T
|c N$T
|d OCL
|d UtOrBLW
|
| 043 |
|
|
|a n-us-tx
|
| 049 |
|
|
|a IKMN
|
| 050 |
1 |
4 |
|a F385
|b .C37 1995eb
|
| 082 |
0 |
4 |
|a 976.4/06/0922
|a B
|2 20
|
| 100 |
1 |
|
|a Casad, Dede W.,
|d 1928-
|0 http://id.loc.gov/authorities/names/n83160547
|
| 245 |
1 |
0 |
|a My fellow Texans :
|b governors of Texas in the 20th century /
|c Dede W. Casad.
|
| 250 |
|
|
|a 1st ed.
|
| 264 |
|
1 |
|a Austin, Tex. :
|b Eakin Press,
|c [1995]
|
| 264 |
|
4 |
|c ©1995
|
| 300 |
|
|
|a vi, 104 pages :
|b illustrations ;
|c 23 cm.
|
| 336 |
|
|
|a text
|b txt
|2 rdacontent
|
| 337 |
|
|
|a computer
|b c
|2 rdamedia
|
| 338 |
|
|
|a online resource
|b cr
|2 rdacarrier
|
| 504 |
|
|
|a Includes bibliographical references (pages 97-99) and index.
|
| 533 |
|
|
|a Electronic reproduction.
|b Boulder, Colo. :
|c NetLibrary,
|d 2000.
|n Available via the World Wide Web.
|n Available in multiple electronic file formats.
|n Access may be limited to NetLibrary affiliated libraries.
|
| 500 |
|
|
|a Electronic resource.
|
| 650 |
|
0 |
|a Governors
|z Texas
|v Biography
|v Juvenile literature.
|0 http://id.loc.gov/authorities/subjects/sh2008118354
|
| 651 |
|
0 |
|a Texas
|x Politics and government
|y 1865-1950
|v Juvenile literature.
|
| 651 |
|
0 |
|a Texas
|x Politics and government
|y 1951-
|v Juvenile literature.
|
| 655 |
|
7 |
|a Electronic books.
|2 local
|
| 710 |
2 |
|
|a NetLibrary, Inc.
|0 http://id.loc.gov/authorities/names/no99080690
|
| 776 |
1 |
|
|c Original
|w (DLC) 94021991
|w (OCoLC)30624160
|
| 856 |
4 |
1 |
|u https://proxy.library.tamu.edu/login?url=http://www.netLibrary.com/urlapi.asp?action=summary&v=1&bookid=35182
|z Connect to the full text of this electronic book
|t 0
|
| 994 |
|
|
|a 92
|b IKM
|
| 999 |
|
|
|a MARS
|
| 999 |
f |
f |
|s d8cda92b-b7fe-36c0-9f05-c10b10b6236a
|i d2336914-f528-376f-8dfe-45bcd82139a5
|t 0
|
| 952 |
f |
f |
|a Texas A&M University
|b College Station
|c Electronic Resources
|d Available Online
|t 0
|e F385 .C37 1995eb
|h Library of Congress classification
|
| 998 |
f |
f |
|a F385 .C37 1995eb
|t 0
|l Available Online
|